LEADER 02619nam0 22004813i 450 001 NAP0411032 005 20251003044250.0 010 $a9788874313914 100 $a20080620d2007 ||||0itac50 ba 101 | $aita$cita 102 $ait 181 1$6z01$ai $bxxxe 182 1$6z01$an 183 1$6z01$anc$2RDAcarrier 200 1 $aˆLa ‰Chiesa del Mezzogiorno nel decennio francese$ericerche$fMichele Miele 210 $aNapoli$cAccademia Pontaniana$d2007 215 $a355 p.$d24 cm. 225 | $aQuaderni dell'Accademia Pontaniana$v52 410 0$1001CFI0058476$12001 $aQuaderni dell'Accademia Pontaniana$v52$171202$aAccademia Pontaniana$3CFIV069339 500 10$aˆLa ‰Chiesa del Mezzogiorno nel decennio francese$3UBO4882887$9CFIV126121$932991 606 $aChiesa cattolica romana$xItalia meridionale$x1806-1815$2FIR$3NAPC229533$9I 676 $a282.45$9CHIESA CATTOLICA ROMANA. ITALIA$v23 676 $a282.457$9CHIESA CATTOLICA ROMANA. Italia meridionale$v22 700 1$aMiele$b, Michele$f <1931- >$3CFIV126121$4070$0164683 801 3$aIT$bIT-000000$c20080620 850 $aIT-BN0095 $aIT-BN0013 $aIT-SA0188 $aIT-NA0043 $aIT-NA0079 $aIT-NA0070 $aIT-NA0120 $aIT-CE0066 $aIT-NA0228 $aIT-NA0189 $aIT-NA0452 $aIT-AV0045 $aIT-NA0580 $aIT-NA0313 $aIT-NA0097 901 $bNAP MV$cF $nDEPOSITO LIBRARIO SCIENZE SOCIALI SALA F 901 $bNAP BN$cMAGAZZINO $nmagazzini correnti divisi per anni 901 $bNAP PS$cF.ILLIBATO$n$ 901 $bNAP BN$cSEZ.NAP. $n$ 901 $bNAP IS$cISSM $nSezione di studi sociali dell'attuale Istituto di studi sulle società del Mediterraneo 901 $bNAP SP$cNF. $nNUOVO FONDO 901 $bNAP DP$cUDOV $nIn sala Emeroteca Compattato n. 901 $bNAP 01$cPOZZO LIB.$nVi sono collocati fondi di economia, periodici di ingegneria e scienze, periodici di economia e statistica e altri fondi comprendenti documenti di economia pervenuti in dono. 901 $bNAP AM$cOP. GEN. $n$ 901 $bNAP 46$cPERIODICI $n$ 901 $bNAP DO$cSOPPALCO $n$ 901 $bNAP CV$cPEZZELLA $n$ 912 $aNAP0411032 950 0$aBiblioteca Centralizzata di Ateneo$c1 v.$d 01POZZO LIB.DONI DEMM 315$e 01 0000128665E VMA 1 v.$fB $h20230927$i20230927 977 $a 01$a 46$a AM$a AN$a BN$a BU$a CR$a CV$a DO$a DP$a IS$a MV$a PS$a SE$a SP 996 $aChiesa del Mezzogiorno nel Decennio francese$932991 997 $aUNISANNIO